Score 0/27 Timer 03:00
0 Plays Today
Clue 4-Letter Word % Correct
Not fastSLOW
98%
• Twinkling celestial body ••STAR•
97.7%
Las Vegas coin consumer: ___ machineSLOT
96.3%
Immediately, often heard in the ERSTAT
92.2%
2000s MTV TV show: '___ My Ride' PIMP
90.2%
A long strip of metal or woodSLAT
89.8%
• ___-in-the-dark ••GLOW•
89.2%
• Household device that emits light ••LAMP•
88.9%
An impediment to walkingLIMP
87.6%
• Natural satellite ••MOON•
86%
Give away temporarilyLOAN
83.6%
An inclined planeRAMP
82.6%
A guttural cryMOAN
82.3%
A type of woman's shoePUMP
82.3%
Clue 4-Letter Word % Correct
The rear of a mammalRUMP
82%
Male bovineBULL
81.4%
Draw towardPULL
80.5%
An object with no defined shapeBLOB
80.2%
A drop of sticky liquid GLOB
78.8%
Inner part of a fruitPULP
78.5%
An aquatic birdLOON
77.8%
• Round glass containing a filament ••BULB•
77.4%
Partner of circumstancePOMP
74.4%
Benefit or blessingBOON
74.4%
The highest deck of a shipPOOP
72.6%
A perpetual cycleLOOP
72.4%
A buffoonBOOB
71.7%

Today's Daily Dose

You're not logged in!

Compare scores with friends on all Sporcle quizzes.
OR
Log In

Sporcle TV

Today on Sporcle TV


Watch our educational content, quiz creation guides, and fun videos on Sporcle TV.

Show Comments

Extras

Top Quizzes Today


Score Distribution

Paid Content

Your Account Isn't Verified!

In order to create a playlist on Sporcle, you need to verify the email address you used during registration. Go to your Sporcle Settings to finish the process.

Report this User

Report this user for behavior that violates our Community Guidelines.

Details: